| 000 -CABECERA |
| Campo de control de longitud fija |
00503nam a22001697a 4500 |
| 008 - CAMPO FIJO DE DESCRIPCIÓN FIJA--INFORMACIÓN GENERAL |
| Campo de control de longitud fija |
230329b ||||| |||| 00| 0 eng d |
| 020 ## - ISBN (INTERNATIONAL STANDARD BOOK NUMBER) |
| ISBN |
9788466430241 |
| 040 ## - FUENTE DE CATALOGACIÓN |
| Agencia de catalogación original |
CDMR |
| 100 1# - ENCABEZAMIENTO PRINCIPAL--NOMBRE PERSONAL |
| 9 (RLIN) |
2990 |
| Nombre de persona |
Hernàndez, Gaspar |
| 245 ## - MENCIÓN DE TÍTULO |
| Título |
El Radiofonista |
| Mención de responsabilidad, etc. |
/ Gaspar Hernàndez |
| 260 ## - PUBLICACIÓN, DISTRIBUCIÓN, ETC (PIE DE IMPRENTA) |
| Lugar de publicación, distribución, etc. |
Barcelona : |
| Nombre del editor, distribuidor, etc. |
Columna, |
| Fecha de publicación, distribución, etc. |
2023 |
| 300 ## - DESCRIPCIÓN FÍSICA |
| Extensión |
233 pàgines |
| Dimensiones |
; 23 cm |
| 600 10 - ASIENTO SECUNDARIO DE MATERIA--NOMBRE PERSONAL |
| 9 (RLIN) |
2990 |
| Nombre de persona |
Hernàndez, Gaspar |
| 650 #0 - ASIENTO SECUNDARIO DE MATERIA--TÉRMINO DE MATERIA |
| 9 (RLIN) |
3139 |
| Nombre de materia o nombre geográfico como elemento de entrada |
Periodistes catalans |
| Subdivisión de forma |
Biografia |
| 650 #0 - ASIENTO SECUNDARIO DE MATERIA--TÉRMINO DE MATERIA |
| 9 (RLIN) |
3105 |
| Nombre de materia o nombre geográfico como elemento de entrada |
Radiodifusió |
| Subdivisión geográfica |
Catalunya |
| 942 ## - ELEMENTOS KOHA |
| Fuente de clasificación o esquema de ordenación en estanterías |
|
| Koha tipo de item |
Monografies |